Слепите очи на тъмнината (Запис номер 324123)
[ съкратено ]
| 000 -Лидер | |
|---|---|
| Контролно поле с фиксирана дължина | nam a22 ab4500 |
| 003 - Код на организацията, давaща контролен номер | |
| Контролно поле | BLK |
| 005 - Дата и час на последна редакция | |
| Контролно поле | 20220224115920.0 |
| 008 - Елементи от данни с фиксирана дължина | |
| fixed length control field | 180828b bul||||| |||| 00| 0 bul d |
| 040 ## - Източник на каталожния запис | |
| Идентификатор на билиотеката - собственик на записа | BLK |
| 041 ## - Код за език | |
| Код за езика на текст/звукозапис или на отделно заглавие | Български |
| Код за езика КДБФ | Български |
| 072 ## - Код за тематичната категория | |
| 9 (RLIN) | 178187 |
| Код за тематична категория | К |
| Текст | Краезнание |
| 072 ## - Код за тематичната категория | |
| 9 (RLIN) | 178370 |
| Код за тематична категория | Я |
| Текст | Автографи |
| 072 ## - Код за тематичната категория | |
| 9 (RLIN) | 178296 |
| Код за тематична категория | РА |
| Текст | Русенски автори |
| 080 ## - УДК | |
| Текстов определител УДК | Българска литература |
| УДК код - определител по УДК | 821.163.2 |
| УДК определител | -1 |
| УДК - код + определител | 821.163.2-1 |
| 100 1# - Редна дума - Автор | |
| Автор | Билчев, Тодор Билчев |
| R(LIN) | 39093 |
| 139 ## - Редно поле | |
| Авторски знак | Би - Б 44 |
| 245 ## - Сведения за заглавието | |
| Заглавие | Слепите очи на тъмнината |
| Подзаглавни данни | Стихове |
| Редно поле (дума) | Тодор Билчев |
| 260 ## - Област на издателските данни | |
| Име на издателя, разпространителя и проч. | Съюз на свободните писатели - Русе |
| Година на издаване | 2018 |
| Място на издаване, разпространение и проч. | Русе |
| 300 ## - Физическа характеристика | |
| Страници | 231 с. |
| Размери/Мащаб | 23 см |
| 380 ## - Жанр | |
| Жанр | Худож. лит. |
| 852 ## - Местоположение | |
| Фондова буква | Краезнание |
| Систематично-азбучна сигнатура | К 886.7/Б 44 |
| 852 ## - Местоположение | |
| Фондова буква | Краезнание |
| Систематично-азбучна сигнатура | К 821.163.2/Б 44 Т |
| 999 ## - СИСТЕМНИ КОНТРОЛНИ НОМЕРА | |
| Koha biblionumber | 324123 |
| Koha biblioitemnumber | 324123 |
| 942 ## - АРТИКУЛИ | |
| Вид на библиотечния материал | Книги |
| Източник на класификационната схема | Universal Decimal Classification |
| Скрит в OPAC | Не |
| Периодичен библиозапис | Да |
| 999 ## - СИСТЕМНИ КОНТРОЛНИ НОМЕРА | |
| Koha biblioitemnumber | 324123 |
| Код за отписване | Код за изгубен артикул | Източник на класификационната схема | Код за повреда | Коз за рестрикции | Код за отдаване | Артикулен № | Име на библиотеката - собственик | Име на библиотеката, в която се намира в момента | Статус (Текущо местоположение) | Дата на вписване в системата | Местоположение - отдел | Цена в лева | Номерация (Хронология) | Инвентарен номер | Систематично азбучна сигнатура | Баркод | Цена в евро | Служебен тип на артикула |
|---|---|---|---|---|---|---|---|---|---|---|---|---|---|---|---|---|---|---|
| Не е изгубен | Universal Decimal Classification | Не е повреден | само за читалня | ползва се в читалня | 679638 | Регионална библиотека "Любен Каравелов" Русе | Регионална библиотека "Любен Каравелов" Русе | Краезнание | 2018-08-28 | Краезнание | 0.37 | Автограф: Тодор Билчев | 120000821991 | К 821.163.2/Б 44 Т | 120000821991 | 0.19 | Книги |